Zgadnij klub po herbie (poziom trudny) - Statystyki

Ogólne statystyki
  • Ten quiz został rozwiązany 107 razy
  • Średni wynik to 9 z 16
Statystyki odpowiedzi
Obrazkowy Odpowiedź % Poprawnych
Leeds
99%
Rayo Vallecano
77%
West Brom
74%
Darmstadt
71%
Maccabi Haifa
69%
Norwich City
66%
Real Valladolid
65%
Bodo Glimt
64%
FC Palermo
61%
FC Boavista
55%
FC Lugano
40%
Standard Liege
40%
Cremonese
35%
Salernitana
18%
antalyaspor
12%
Le Harve
9%
Nie znaleziono quizów pasujących do podanych kryteriów
Rozkład punktacji
Procent ludzi z każdym wynikiem
Percentyl według liczby udzielonych odpowiedzi
Twoja historia wyników
Nie rozwiązałeś tego quizu